Get the Picture: Spice Girls or Bangles? Quiz Stats

 Plays Quiz Updated Oct 8, 2019

Score 0/16 Timer 02:00
0 Plays Today
Question Answer Wrong Answers
Walk Like an Egyptian The Bangles
91.6%
The Spice Girls
3.2%
Wannabe The Spice Girls
91.2%
The Bangles
3.6%
Manic Monday The Bangles
90.8%
The Spice Girls
3.6%
A Hazy Shade of Winter The Bangles
88.3%
The Spice Girls
5.8%
Eternal Flame The Bangles
87.4%
The Spice Girls
7%
2 Become 1 The Spice Girls
84.2%
The Bangles
11.2%
Walking Down Your Street The Bangles
77.7%
The Spice Girls
16.5%
Say You'll Be There The Spice Girls
77%
The Bangles
17.7%
Who Do You Think You Are The Spice Girls
76.8%
The Bangles
17.8%
Hero Takes a Fall The Bangles
76.2%
The Spice Girls
17.9%
Stop The Spice Girls
74%
The Bangles
20.2%
In Your Room The Bangles
73.9%
The Spice Girls
20.4%
If She Knew What She Wants The Bangles
69.4%
The Spice Girls
24.9%
Mama The Spice Girls
66.3%
The Bangles
27.9%
Never Give Up on the Good Times The Spice Girls
53.1%
The Bangles
41.2%
Voodoo The Spice Girls
42.6%
The Bangles
51.4%

Today's Daily Dose

You're not logged in!

Compare scores with friends on all Sporcle quizzes.
OR
Log In

Sporcle TV

Today on Sporcle TV


Watch our educational content, quiz creation guides, and fun videos on Sporcle TV.

Show Comments

Extras

Top Quizzes Today


Score Distribution

Your Account Isn't Verified!

In order to create a playlist on Sporcle, you need to verify the email address you used during registration. Go to your Sporcle Settings to finish the process.

Report this User

Report this user for behavior that violates our Community Guidelines.

Details: